Top 20 Words Starting with E - Statistics

General Stats
  • This quiz has been taken 1,040 times
  • The average score is 8 of 20
Answer Stats
rank letters word % Correct
20 4 ever
83%
1 3 end
79%
10 5 every
73%
2 4 even
72%
6 4 each
60%
13 4 easy
55%
8 3 eye
53%
16 5 event
42%
3 5 early
35%
17 7 evening
34%
18 6 either
33%
4 6 effect
28%
12 5 eight
24%
14 6 enough
19%
5 9 education
17%
15 7 example
16%
19 7 explain
13%
11 6 expect
11%
7 10 experience
11%
9 8 evidence
7%
No matching quizzes found
Score Distribution
Percent of People with Each Score
Percentile by Number Answered
Your Score History
You have not taken this quiz